| 000 | 00660nam a22002297a 4500 | ||
|---|---|---|---|
| 005 | 20150330094555.0 | ||
| 008 | 110307s2011 nyua 001 0 eng | ||
| 020 | _a9780071756235 | ||
| 041 | 0 | _aeng | |
| 080 | _a004 | ||
| 100 | 1 | _aGraham, Tyler. | |
| 245 | 1 | 0 |
_aMicrosoft SQL server 2008 R2 master data services : _cTyler Graham, Suzanne Selhorn. |
| 260 |
_aNew York : _bMcGraw-Hill, _c2011. |
||
| 300 |
_a360 f. : _bme il.; _c24 cm. |
||
| 505 | _aIndex: f. 347 - 360 | ||
| 630 | 0 | 0 | _aSQL server. |
| 650 | 0 | _aKompjuterat | |
| 650 | 0 | _aOrganizimi | |
| 650 | 0 | _aSoftver | |
| 700 | 1 | _aSelhorn, Suzanne. | |
| 942 |
_2udc _cBK |
||
| 999 |
_c617 _d617 |
||